[Event "24th ch-EUR Indiv w 2024"]
[Site "Rhodes GRE"]
[Date "2024.04.23"]
[Round "5.58"]
[White "Olde, Margareth"]
[Black "Tsetskhladze, Mariam"]
[Result "1/2-1/2"]
[WhiteTitle "WIM"]
[BlackTitle "WCM"]
[WhiteElo "2146"]
[BlackElo "1955"]
[WhiteFideId "4503082"]
[BlackFideId "13623834"]
[EventDate "2024.04.19"]

1. d4 Nf6 2. c4 e6 3. Nf3 d5 4. g3 dxc4 5. Bg2 Bd7 6. Ne5 Bc6 7. Nxc6 Nxc6 8. e3
Qd7 9. O-O Rd8 10. Qe2 e5 11. Qxc4 exd4 12. Qb5 Rb8 13. Rd1 Nb4 14. Qxd7+ Nxd7
15. Na3 d3 16. Bd2 c6 17. Nc4 Be7 18. Bc3 O-O 19. a3 Nd5 20. Bd4 Nc5 21. Ra2 Nb3
22. Bxd5 cxd5 23. Ne5 d2 24. Nf3 Rbc8 25. Nxd2 Nxd4 26. exd4 Bf6 27. b4 Rc3 28.
Nf1 Bg5 29. h4 Bc1 30. a4 Re8 31. b5 f6 32. Kg2 Re4 33. Nh2 Rc4 34. Nf3 Kf7 35.
Rd3 Ke6 36. Rb3 Kd6 37. a5 g6 38. Kh3 h5 39. Kg2 Kd7 40. Kf1 Kd6 41. Kg2 Kd7 42.
Rb1 Kd6 43. Kh2 Ke7 44. Kg1 Kd6 45. Kg2 Kd7 46. b6 a6 47. Ng1 Rexd4 48. Ne2 Rd2
49. Nxc1 Rxc1 50. Rxd2 Rxb1 51. Rxd5+ Ke6 52. Rc5 Ra1 53. f3 Kd6 54. Rc7 Rxa5
55. Rxb7 Rb5 56. Rg7 Rxb6 57. Rxg6 Ke6 58. Rg7 Rb2+ 59. Kh3 Rb3 60. f4 Kf5 61.
Ra7 Ra3 62. Rc7 a5 63. Rc5+ Kg6 64. f5+ Kg7 65. Rc7+ Kg8 66. Ra7 a4 67. Ra5 Kg7
68. Ra6 Kf7 69. Kg2 Ra1 70. Ra7+ Kg8 71. Ra8+ Kg7 72. Ra7+ Kg8 73. g4 hxg4 74.
Kg3 Rg1+ 75. Kf4 g3 76. Rxa4 g2 77. Kg3 Rf1 78. Kxg2 Rxf5 79. Ra7 Rf4 80. Kg3
Rb4 81. h5 Rc4 82. h6 Rb4 83. Rg7+ Kh8 84. Rf7 f5 85. Rxf5 Rb6 86. Rh5 Kh7 87.
Kf4 Rxh6 88. Rxh6+ Kxh6 1/2-1/2

[Event "24th ch-EUR Indiv w 2024"]
[Site "Rhodes GRE"]
[Date "2024.04.23"]
[Round "5.59"]
[White "Hapala, Elisabeth"]
[Black "Stefanova, Antoaneta"]
[Result "1/2-1/2"]
[WhiteTitle "WFM"]
[BlackTitle "GM"]
[WhiteElo "2044"]
[BlackElo "2447"]
[WhiteFideId "1622080"]
[BlackFideId "2902257"]
[EventDate "2024.04.19"]

1. e4 e5 2. Nf3 Nc6 3. Bb5 a6 4. Ba4 d6 5. O-O Bd7 6. d4 Nf6 7. d5 Ne7 8. Bxd7+
Nxd7 9. c4 g6 10. Nc3 Bg7 11. Be3 h6 12. Nd2 O-O 13. b4 f5 14. f3 Nf6 15. c5 a5
16. a3 axb4 17. axb4 Rxa1 18. Qxa1 fxe4 19. fxe4 Ng4 20. Rxf8+ Bxf8 21. Qe1 c6
22. cxd6 Nc8 23. dxc6 bxc6 24. h3 Nxe3 25. Qxe3 Qxd6 26. Na2 Qe6 27. Qb3 Qxb3
28. Nxb3 Kf7 29. Kf2 Nd6 30. Nc5 Nb5 31. Nc1 Bxc5+ 32. bxc5 Nd4 33. Nd3 Kf6 34.
Ke3 g5 35. g3 h5 36. Nb4 Ke6 37. Nd3 Nb3 38. Nb4 Kd7 39. Nd3 Ke6 40. Nb4 1/2-1/2

[Event "24th ch-EUR Indiv w 2024"]
[Site "Rhodes GRE"]
[Date "2024.04.23"]
[Round "5.60"]
[White "Papp, Sarah"]
[Black "Tashkinova, Sofiia"]
[Result "0-1"]
[WhiteTitle "WGM"]
[WhiteElo "2296"]
[BlackElo "2066"]
[WhiteFideId "24606812"]
[BlackFideId "14188309"]
[EventDate "2024.04.19"]

1. e4 e5 2. Nf3 Nc6 3. d4 exd4 4. Nxd4 Qe7 5. Nc3 Nf6 6. Bf4 d6 7. Bb5 Bd7 8.
Bxc6 bxc6 9. O-O g6 10. e5 Nh5 11. Re1 d5 12. Be3 Ng7 13. Qd2 Ne6 14. Nxe6 Qxe6
15. Ne2 h6 16. c4 dxc4 17. Rad1 Rd8 18. Nc3 Be7 19. Bxh6 Qg4 20. Bg7 Be6 21.
Qxd8+ Bxd8 22. Bxh8 Be7 23. Bf6 Qf5 24. Ne4 Bd5 25. f3 Bb4 26. Re2 Kd7 27. Nc3
Ke6 28. Ne4 Kd7 29. a3 Ba5 30. Nc5+ Kc8 31. Bh4 Bb6 32. Bf2 Qg5 33. Ne4 Qxe5 34.
Bxb6 cxb6 35. Nc3 Qd6 36. Kh1 Qc5 37. Re5 f6 38. Re8+ Kd7 39. Rh8 Qf2 40. Rh7+
Ke6 41. Rb1 b5 42. h3 a5 43. Rb7 Kd6 44. Rb8 Kc7 45. Re8 b4 46. Re2 Qc5 47. axb4
axb4 48. Ne4 Qd4 49. Rc2 f5 50. Nf2 Qe3 51. Kg1 g5 52. Kf1 c3 53. b3 Qe6 54. Re2
Qg8 55. Re7+ Kd6 56. Rb7 c5 57. Rb6+ Kc7 58. Rf6 Bxb3 59. Re1 Bc4+ 60. Kg1 c2
61. Rxf5 b3 62. Rxc5+ Kb6 63. Ne4 b2 64. Rxg5 c1=Q 0-1

[Event "24th ch-EUR Indiv w 2024"]
[Site "Rhodes GRE"]
[Date "2024.04.23"]
[Round "5.61"]
[White "Alexandri, Dimitra"]
[Black "Peycheva, Gergana"]
[Result "0-1"]
[BlackTitle "FM"]
[WhiteElo "1979"]
[BlackElo "2295"]
[WhiteFideId "42107989"]
[BlackFideId "2916711"]
[EventDate "2024.04.19"]

1. d4 e6 2. c4 b6 3. Nc3 Bb4 4. e3 Nf6 5. a3 Bxc3+ 6. bxc3 Bb7 7. f3 O-O 8. Bd3
d6 9. Ne2 Nc6 10. O-O Na5 11. e4 Ba6 12. Ng3 Bxc4 13. Bxc4 Nxc4 14. f4 d5 15.
Qe2 Ne8 16. f5 exf5 17. Nxf5 Ned6 18. exd5 Nxf5 19. Rxf5 Qd7 20. Rg5 f6 21. Rh5
g6 22. Bh6 Rfe8 23. Qxc4 b5 24. Qf1 gxh5 25. Qxf6 Qf7 26. Rf1 Qxf6 27. Rf3 Qf5
28. Rxf5 Rac8 29. Rf6 Rcd8 30. Bf4 Rf8 31. Bxc7 Rxf6 32. Bxd8 Rd6 33. Ba5 Rxd5
34. Kf2 Kf7 35. Kf3 Ke6 36. g3 Rg5 37. Kf4 Rg4+ 38. Kf3 Kd5 39. h3 Rg8 40. Kf4
h6 41. Kf3 Kc4 42. Kf4 Rf8+ 43. Ke4 Re8+ 44. Kf4 Re1 45. h4 Rf1+ 46. Ke4 Rg1 47.
Kf4 Rd1 48. Kf5 Kb3 49. Bb4 Ka4 50. Kg6 a5 51. Bc5 Kb3 52. Kxh5 Kxc3 53. g4 Rh1
54. Bb6 a4 55. Bc5 Kc4 56. Kxh6 Rxh4+ 57. Kg5 Rh1 58. Kf6 Rf1+ 59. Ke5 Rg1 60.
Kf5 Kd5 61. g5 Rf1+ 62. Kg6 Ke6 63. Bb4 Rg1 64. Bc5 Rg4 65. Kh6 Kf5 66. d5 Rxg5
67. d6 Rg2 68. Bb4 Ke6 69. Kh5 Rb2 70. Bc5 Rc2 71. Bb4 Rc4 72. d7 Kxd7 73. Bf8
b4 74. axb4 a3 75. b5 a2 76. Bg7 Rc1 77. b6 Rh1+ 0-1

[Event "24th ch-EUR Indiv w 2024"]
[Site "Rhodes GRE"]
[Date "2024.04.23"]
[Round "5.62"]
[White "Movsesian, Julia"]
[Black "Kakulidis, Ellen"]
[Result "0-1"]
[WhiteTitle "WGM"]
[BlackTitle "WFM"]
[WhiteElo "2276"]
[BlackElo "2062"]
[WhiteFideId "4139690"]
[BlackFideId "1444972"]
[EventDate "2024.04.19"]

1. e4 e5 2. Nf3 Nc6 3. d4 exd4 4. Nxd4 Bc5 5. Nb3 Bb6 6. Nc3 d6 7. Qe2 a5 8. a4
Nf6 9. Be3 Bxe3 10. Qxe3 O-O 11. O-O-O Qe7 12. f3 Nb4 13. g4 c6 14. Qd4 d5 15.
g5 Nh5 16. Rg1 Nf4 17. Kb1 Be6 18. Qe3 Qc7 19. Nd4 Rfd8 20. e5 Ng6 21. f4 Qc8
22. Nxe6 fxe6 23. Ne2 c5 24. c3 d4 25. cxd4 cxd4 26. Qe4 Qc4 27. Nc1 Qd5 28.
Qxd5 Nxd5 29. Rxd4 Ndxf4 30. Re4 Rd1 31. Rc4 Nd3 32. Rg3 Rxf1 33. Rxd3 Nxe5 0-1

[Event "24th ch-EUR Indiv w 2024"]
[Site "Rhodes GRE"]
[Date "2024.04.23"]
[Round "5.63"]
[White "Lehaci, Miruna-Daria"]
[Black "Lomaia, Diana"]
[Result "1/2-1/2"]
[WhiteTitle "WIM"]
[BlackTitle "WFM"]
[WhiteElo "2242"]
[BlackElo "2005"]
[WhiteFideId "1234765"]
[BlackFideId "13612476"]
[EventDate "2024.04.19"]

1. e4 e5 2. Nf3 Nc6 3. Bb5 a6 4. Ba4 Nf6 5. d3 b5 6. Bb3 Be7 7. Nc3 O-O 8. a4 b4
9. Nd5 a5 10. O-O d6 11. h3 Nd4 12. Bc4 c6 13. Nxf6+ Bxf6 14. c3 Nxf3+ 15. Qxf3
c5 16. cxb4 cxb4 17. Bd5 Rb8 18. Be3 Be6 19. Bxe6 fxe6 20. Qd1 Rc8 21. Qb3 d5
22. Rac1 Qd6 23. Rc2 d4 24. Bd2 Bh4 25. g3 Be7 26. Rfc1 Qd7 27. Rc4 Bd6 28. Qc2
Qf7 29. Be1 Rcd8 30. Rc6 h5 31. h4 Be7 32. Rc7 Rde8 33. Qe2 Qg6 34. Kh2 Rf7 35.
Rc8 Ref8 36. Rxf8+ Rxf8 37. Rc6 Qf7 38. Rc7 Qe8 39. b3 g6 40. Ra7 Bd8 41. Rb7
Qc6 42. Rb8 Qc7 43. Rb5 Rf7 44. Kg2 Kg7 1/2-1/2

[Event "24th ch-EUR Indiv w 2024"]
[Site "Rhodes GRE"]
[Date "2024.04.23"]
[Round "5.64"]
[White "Kordzadze, Nino"]
[Black "Dornbusch, Tatiana"]
[Result "0-1"]
[BlackTitle "WGM"]
[WhiteElo "1976"]
[BlackElo "2199"]
[WhiteFideId "13603817"]
[BlackFideId "14107449"]
[EventDate "2024.04.19"]

1. d4 Nf6 2. c4 c5 3. d5 b5 4. cxb5 a6 5. Nc3 axb5 6. e4 b4 7. Nb5 d6 8. Bc4 g6
9. e5 dxe5 10. d6 exd6 11. Bg5 Ra5 12. Qb3 Rxb5 13. Bxb5+ Bd7 14. Bc4 Nc6 15.
Bxf7+ Ke7 16. Ne2 Bg7 17. O-O Na5 18. Qd5 Rf8 19. Rad1 Qc7 20. Bxf6+ Bxf6 21.
Bg8 Qc6 22. f4 Qxd5 23. Bxd5 exf4 24. Nxf4 Bxb2 25. Nd3 Bd4+ 26. Kh1 Rxf1+ 27.
Rxf1 Bf5 28. Nf4 c4 29. h3 b3 30. axb3 cxb3 31. g4 Bc2 32. Ne2 Bf6 33. g5 Bxg5
34. Rf7+ Ke8 35. Ra7 b2 36. Ba2 Be4+ 37. Kh2 Bd2 38. Kg3 g5 39. Nd4 b1=Q 40.
Bxb1 Bxb1 41. Nf3 Bf4+ 42. Kg4 Nc6 43. Rb7 Be4 44. Nxg5 Bxg5 45. Kxg5 Ne7 46.
Ra7 Kf7 47. h4 Ke6 48. h5 Nc6 49. Ra4 Ke5 50. Ra8 Nd4 51. Re8+ Ne6+ 52. Kg4 d5
53. Kg3 d4 54. Kf2 Kf6 55. Rg8 Kf5 56. h6 Kf4 57. Re8 Bf5 58. Rg8 d3 59. Rg1 Ng5 0-1

[Event "24th ch-EUR Indiv w 2024"]
[Site "Rhodes GRE"]
[Date "2024.04.23"]
[Round "5.65"]
[White "Aydin, Gulenay"]
[Black "Peglau, Dora"]
[Result "1/2-1/2"]
[WhiteTitle "WFM"]
[WhiteElo "2195"]
[BlackElo "2002"]
[WhiteFideId "34557431"]
[BlackFideId "16220005"]
[EventDate "2024.04.19"]

1. e4 e6 2. d4 d5 3. Nd2 c5 4. Ngf3 Nc6 5. exd5 Qxd5 6. Bc4 Qd8 7. dxc5 Bxc5 8.
O-O Nf6 9. c3 O-O 10. Qe2 Qc7 11. Ne4 Nxe4 12. Qxe4 h6 13. Rd1 Rd8 14. Bf4 Bd6
15. Bxd6 Rxd6 16. Bd3 g6 17. h4 e5 18. Qe3 Bg4 19. Be4 Rxd1+ 20. Rxd1 h5 21. Re1
Re8 22. Qg5 Bxf3 23. Bxf3 Kh7 24. Re3 Qe7 25. Bd5 f6 26. Qg3 Rd8 27. Be4 Qf7 28.
Qf3 Kg7 29. Bxc6 bxc6 30. b3 Qd5 31. Re4 Qd1+ 32. Qxd1 Rxd1+ 33. Kh2 Kf7 34. Ra4
Rd7 35. Rc4 Rd6 36. Ra4 Rd7 37. Ra6 Rc7 38. Kg3 Ke6 39. Ra5 Rd7 40. Rc5 Rd3+ 41.
f3 Rd6 42. Ra5 1/2-1/2

[Event "24th ch-EUR Indiv w 2024"]
[Site "Rhodes GRE"]
[Date "2024.04.23"]
[Round "5.66"]
[White "Janiashvili, Mariami"]
[Black "Skuhala, Barbara"]
[Result "0-1"]
[WhiteTitle "WFM"]
[BlackTitle "WFM"]
[WhiteElo "1964"]
[BlackElo "2162"]
[WhiteFideId "13612077"]
[BlackFideId "14605465"]
[EventDate "2024.04.19"]

1. d4 Nf6 2. c4 e6 3. Nf3 b6 4. g3 Bb7 5. Bg2 Be7 6. O-O O-O 7. d5 exd5 8. Nh4
c6 9. cxd5 Nxd5 10. Nf5 Nf6 11. e4 d5 12. e5 Ne8 13. Qg4 Kh8 14. Re1 Na6 15.
Nxe7 Qxe7 16. Nc3 Nc5 17. Bg5 Qc7 18. Rad1 Ne6 19. Bc1 Nd8 20. f4 f5 21. Qe2 Ne6
22. b3 d4 23. Ba3 Rg8 24. Qc4 Qf7 25. Ne2 b5 26. Qc2 Rd8 27. Bc5 d3 28. Qc3 dxe2
29. Rxd8 Nxd8 30. Bxa7 Ne6 31. Rxe2 N8c7 32. Bxc6 Bxc6 33. Qxc6 Rd8 34. Rc2 Rd1+
35. Kg2 h6 36. Bf2 Qg6 37. Be3 Nd5 38. Bc1 Nexf4+ 39. Bxf4 Nxf4+ 40. Kf2 Nh3+
41. Ke2 Qg4+ 0-1

[Event "24th ch-EUR Indiv w 2024"]
[Site "Rhodes GRE"]
[Date "2024.04.23"]
[Round "5.67"]
[White "Mashchenko, Tamila"]
[Black "Kalaiyalahan, Akshaya"]
[Result "1/2-1/2"]
[BlackTitle "FM"]
[WhiteElo "1970"]
[BlackElo "2148"]
[WhiteFideId "14154463"]
[BlackFideId "422894"]
[EventDate "2024.04.19"]

1. d4 d5 2. c4 e6 3. Nc3 Nf6 4. cxd5 exd5 5. Bg5 Be7 6. e3 O-O 7. Bd3 Re8 8. Nf3
h6 9. Bh4 c6 10. Qc2 Ne4 11. Bxe7 Qxe7 12. O-O Bf5 13. Rae1 Nd7 14. Nd2 Nxd2 15.
Qxd2 Bxd3 16. Qxd3 Nb6 17. Rb1 a5 18. b3 Nc8 19. Rfc1 Nd6 20. Na4 Qg5 21. Nc5
Re7 22. Qe2 Nf5 23. Qf3 Rae8 24. Rf1 h5 25. b4 axb4 26. Rxb4 Nd6 27. Rfb1 Nc4
28. Qg3 1/2-1/2

[Event "24th ch-EUR Indiv w 2024"]
[Site "Rhodes GRE"]
[Date "2024.04.23"]
[Round "5.68"]
[White "Polterauer, Chiara"]
[Black "Shuqja, Klean"]
[Result "1-0"]
[WhiteTitle "WFM"]
[BlackTitle "WFM"]
[WhiteElo "2141"]
[BlackElo "1977"]
[WhiteFideId "1638165"]
[BlackFideId "4701585"]
[EventDate "2024.04.19"]

1. e4 c6 2. d4 d5 3. exd5 cxd5 4. Bd3 Nc6 5. c3 Qc7 6. h3 Nf6 7. Nf3 g6 8. O-O
Bf5 9. Be2 Bg7 10. Be3 O-O 11. Nbd2 a6 12. Nh4 Bd7 13. f4 e6 14. Nhf3 Nh5 15.
Ne5 Ng3 16. Rf3 Nxe2+ 17. Qxe2 f6 18. Nxd7 Qxd7 19. Raf1 f5 20. Bf2 Na5 21. Re1
Rfe8 22. Re3 Kf7 23. b4 Nc6 24. Nb3 b6 25. a4 Bf8 26. Ra1 Bd6 27. Qf3 a5 28. b5
Ne7 29. Bh4 Ng8 30. g4 Bc7 31. Nc1 Nf6 32. Bxf6 Kxf6 33. Nd3 Rac8 34. Qg3 Bd6
35. Rae1 Kg7 36. R1e2 Qf7 37. Qe1 fxg4 38. Rxe6 Rxe6 39. Rxe6 Rxc3 40. Rxd6 Rxd3
41. Qe5+ Kh6 42. Qg5+ Kg7 43. hxg4 Re3 44. f5 Re8 45. f6+ Kg8 46. Qxd5 Qxd5 47.
Rxd5 h5 48. gxh5 gxh5 49. Kf2 Kf7 50. Rxh5 Re4 51. Rd5 Kxf6 52. Kf3 Rh4 53. Ke3
Rh3+ 54. Ke4 Ke6 55. Rg5 Rh4+ 56. Kd3 Rh6 57. Kc4 Kd6 58. Rg8 Rh5 59. Rc8 Rh1
60. Rc6+ Kd7 61. Rxb6 Ra1 62. Kc5 Rxa4 63. Rb7+ Kc8 64. Ra7 Ra1 65. Kc6 Rc1+ 66.
Kb6 Rd1 67. Ra8+ Kd7 68. Kc5 Rc1+ 69. Kd5 Ra1 70. b6 Rb1 71. Ra7+ Kc8 72. Kc6
Rc1+ 73. Kb5 Rd1 74. Ka6 Rxd4 75. Ra8+ Kd7 76. b7 Rd6+ 77. Ka7 1-0

[Event "24th ch-EUR Indiv w 2024"]
[Site "Rhodes GRE"]
[Date "2024.04.23"]
[Round "5.69"]
[White "Dwilewicz, Katarzyna"]
[Black "Silva, Ana Ines Teixeira Da"]
[Result "1-0"]
[WhiteTitle "WFM"]
[BlackTitle "WFM"]
[WhiteElo "2130"]
[BlackElo "1933"]
[WhiteFideId "1148486"]
[BlackFideId "1932543"]
[EventDate "2024.04.19"]

1. e4 e5 2. Bc4 Nf6 3. d3 Nc6 4. Nc3 Bc5 5. f4 d6 6. Nf3 exf4 7. Bxf4 Bg4 8. Qd2
Bxf3 9. gxf3 Ne5 10. O-O-O Nxc4 11. dxc4 Qd7 12. Be3 Bxe3 13. Qxe3 Qe7 14. Rhg1
O-O 15. Ne2 Qe5 16. Rg5 Qe6 17. Nd4 Qe7 18. Nf5 Qd8 19. Rxg7+ Kh8 20. Qh6 b5 21.
Rxh7+ 1-0

[Event "24th ch-EUR Indiv w 2024"]
[Site "Rhodes GRE"]
[Date "2024.04.23"]
[Round "5.70"]
[White "Hajiyeva, Laman"]
[Black "Grapsa, Georgia"]
[Result "1/2-1/2"]
[WhiteTitle "WFM"]
[BlackTitle "WFM"]
[WhiteElo "2114"]
[BlackElo "1920"]
[WhiteFideId "13415875"]
[BlackFideId "4206436"]
[EventDate "2024.04.19"]

1. e4 c6 2. d4 d5 3. exd5 cxd5 4. Bd3 Nc6 5. c3 Qc7 6. Na3 a6 7. Nc2 e5 8. dxe5
Nxe5 9. Nf3 Bd6 10. Be2 Ne7 11. h3 O-O 12. O-O Bd7 13. Nxe5 Bxe5 14. Bg5 f6 15.
Be3 Rfe8 16. a4 Nf5 17. Qxd5+ Kh8 18. Qc4 Bc6 19. Bf3 Bh2+ 20. Kh1 Bxf3 21. Qxc7
Bxc7 22. gxf3 Nh4 23. Nd4 Be5 24. f4 Bxd4 25. cxd4 Nf5 26. Ra3 Rad8 27. Rd1 Rd5
28. Kg2 1/2-1/2

[Event "24th ch-EUR Indiv w 2024"]
[Site "Rhodes GRE"]
[Date "2024.04.23"]
[Round "5.71"]
[White "Abdinova, Narmin"]
[Black "Alexandri, Vasiliki"]
[Result "1-0"]
[WhiteElo "2087"]
[BlackElo "1859"]
[WhiteFideId "13425340"]
[BlackFideId "42103606"]
[EventDate "2024.04.19"]

1. d4 Nf6 2. c4 g6 3. Nc3 Bg7 4. g3 O-O 5. Bg2 d6 6. Nf3 c6 7. O-O Bf5 8. Nh4
Be6 9. Qd3 d5 10. cxd5 Nxd5 11. Nf3 Nb6 12. Rd1 Na6 13. Ng5 Bc4 14. Qf3 h6 15.
b3 Bd5 16. e4 hxg5 17. exd5 g4 18. Qxg4 Nxd5 19. Nxd5 cxd5 20. h4 Qc8 21. Qg5
Qf5 22. Qxe7 b6 23. Ba3 Rae8 24. Qg5 Qxg5 25. hxg5 Re2 26. Bxf8 Bxf8 27. Bf1 1-0

[Event "24th ch-EUR Indiv w 2024"]
[Site "Rhodes GRE"]
[Date "2024.04.23"]
[Round "5.72"]
[White "Tsirulnik, Maritsa"]
[Black "Vardi, Shlomit"]
[Result "1-0"]
[WhiteElo "2082"]
[BlackElo "1906"]
[WhiteFideId "14118688"]
[BlackFideId "2801442"]
[EventDate "2024.04.19"]

1. e4 d6 2. d4 g6 3. Nc3 Bg7 4. Be3 a6 5. Nf3 Nf6 6. h3 c6 7. a4 Qa5 8. Nd2 Nbd7
9. Be2 Rb8 10. O-O O-O 11. Nb3 Qc7 12. a5 e6 13. Qd2 Ra8 14. Rfd1 Re8 15. f4 d5
16. e5 Ne4 17. Nxe4 dxe4 18. c4 f5 19. d5 Nf8 20. d6 Qf7 21. Nc5 Nd7 22. Na4 Rf8
23. g3 Qe8 24. Kh2 Kh8 25. b4 Qd8 26. b5 axb5 27. Nb6 Rb8 28. cxb5 Nxb6 29. Bxb6
Qd7 30. Qd4 Rf7 31. Qc5 Bf8 32. a6 Qe8 33. Rdc1 Bd7 34. axb7 cxb5 35. Ra7 b4 36.
Bc7 b3 37. Bxb8 Qxb8 38. Ba6 1-0

[Event "24th ch-EUR Indiv w 2024"]
[Site "Rhodes GRE"]
[Date "2024.04.23"]
[Round "5.73"]
[White "Golsta, Ramona"]
[Black "Suleimanova, Ava"]
[Result "1/2-1/2"]
[BlackTitle "WGM"]
[WhiteElo "1867"]
[BlackElo "2139"]
[WhiteFideId "11607394"]
[BlackFideId "4137728"]
[EventDate "2024.04.19"]

1. d4 Nf6 2. c4 c5 3. d5 b5 4. cxb5 a6 5. e3 Bb7 6. Nc3 e6 7. e4 exd5 8. exd5
Bd6 9. Bg5 O-O 10. Bc4 h6 11. Bh4 Be5 12. bxa6 Nxa6 13. Nge2 Qb8 14. h3 Re8 15.
O-O Nh5 16. Qd3 g6 17. f4 Nb4 18. Qf3 Bf6 19. f5 Bxh4 20. fxg6 Nf6 21. gxf7+
Kxf7 22. Qh5+ Kg7 23. Qxh4 Qe5 24. Rf3 Nfxd5 25. Raf1 Re7 26. Rg3+ Kh7 27. Nxd5
Bxd5 28. Rf6 h5 29. Rf2 Rg8 30. Rxg8 Kxg8 31. Bxd5+ Nxd5 32. Qg3+ Qxg3 33. Nxg3
h4 34. Nf5 Re1+ 35. Kh2 Re4 36. g3 hxg3+ 37. Kxg3 Kh7 38. Nd6 Re3+ 39. Rf3 Re2
40. Rf7+ Kg6 41. Rxd7 Nb4 42. a3 Nd3 43. Nc4 Nxb2 44. Rd2 Rxd2 45. Nxd2 Kh5 46.
Kf4 Kh4 47. Ke4 Kxh3 48. Kd5 Kg4 49. Kxc5 Kf5 50. Kb4 Ke6 51. Ne4 Kd5 52. Nf2
Nc4 53. a4 Nd6 54. Nd3 Kc6 55. Ne5+ Kb7 56. Kc5 Ka6 57. Nc6 Nb7+ 58. Kb4 Kb6 59.
Ne7 Ka6 60. Nd5 Na5 61. Kc5 Nb3+ 62. Kc4 Na5+ 63. Kb4 Nb7 64. Nc7+ Kb6 65. Ne6
Na5 1/2-1/2

[Event "24th ch-EUR Indiv w 2024"]
[Site "Rhodes GRE"]
[Date "2024.04.23"]
[Round "5.74"]
[White "Siskou, Evangelia"]
[Black "Abrisqueta Zudaire, Leyre"]
[Result "0-1"]
[BlackTitle "WFM"]
[WhiteElo "1837"]
[BlackElo "2115"]
[WhiteFideId "42113938"]
[BlackFideId "32092253"]
[EventDate "2024.04.19"]

1. e4 c5 2. Nf3 Nc6 3. Bb5 g6 4. Bxc6 dxc6 5. d3 Qc7 6. O-O e5 7. Be3 Nf6 8. h3
Nh5 9. Qd2 f6 10. a4 a5 11. Nc3 Rg8 12. Ne2 g5 13. Nh2 Bd6 14. Ng4 Rg6 15. c3
Nf4 16. f3 h5 17. Nf2 g4 18. fxg4 hxg4 19. Nxg4 Bxg4 20. hxg4 Rxg4 21. Nxf4 exf4
22. Qe2 Qg7 23. Bd2 O-O-O 24. Rf2 Rg8 25. d4 Rg3 26. e5 f3 27. Qf1 fxg2 28. Qc4
Qh7 29. Qe6+ Kb8 30. Qxd6+ Ka8 31. Rxf6 Qh1+ 32. Kf2 g1=Q+ 33. Rxg1 Qh2+ 34. Rg2
Qxg2+ 35. Ke1 Qe4+ 36. Kf2 Rg2+ 0-1

[Event "24th ch-EUR Indiv w 2024"]
[Site "Rhodes GRE"]
[Date "2024.04.23"]
[Round "5.75"]
[White "Dereka, Konstantina"]
[Black "Isgenderova, Hayale"]
[Result "0-1"]
[BlackTitle "WIM"]
[WhiteElo "1821"]
[BlackElo "2102"]
[WhiteFideId "25837435"]
[BlackFideId "13401823"]
[EventDate "2024.04.19"]

1. d4 e6 2. c4 Nf6 3. Nc3 Bb4 4. Bd2 b6 5. a3 Bxc3 6. Bxc3 Bb7 7. Nf3 Ne4 8. Rc1
O-O 9. g3 d6 10. Bg2 Nd7 11. O-O f5 12. b4 Qf6 13. Ba1 Qh6 14. c5 Bd5 15. cxd6
cxd6 16. Rc7 Ndf6 17. Qc1 Qh5 18. h3 b5 19. a4 bxa4 20. e3 Qe8 21. Qa3 Qb5 22.
Rfc1 Bb3 23. d5 e5 24. Bf1 Qxd5 25. Ne1 Qd2 26. Nd3 Nd5 27. R7c6 Nxe3 28. fxe3
Qxe3+ 29. Kh2 Qxg3+ 30. Kh1 Nf2+ 0-1

[Event "24th ch-EUR Indiv w 2024"]
[Site "Rhodes GRE"]
[Date "2024.04.23"]
[Round "5.76"]
[White "Makka, Ioulia"]
[Black "Tuktamisova, Diana"]
[Result "1-0"]
[WhiteTitle "WIM"]
[WhiteElo "1983"]
[BlackElo "1864"]
[WhiteFideId "4205316"]
[BlackFideId "13909932"]
[EventDate "2024.04.19"]

1. e4 c5 2. Nf3 d6 3. d4 cxd4 4. Nxd4 Nf6 5. Nc3 a6 6. Be3 e5 7. Nf3 Bg4 8. h3
Bh5 9. Bc4 Qc7 10. Bb3 Nc6 11. a3 Be7 12. Nd5 Nxd5 13. Bxd5 Rc8 14. Rc1 Bxf3 15.
Qxf3 Bf6 16. Qd1 Ne7 17. Ba2 Qc6 18. Qd3 O-O 19. O-O Ng6 20. g3 Kh8 21. Kh2 Qd7
22. Rfd1 Be7 23. Bd5 Bd8 24. Qb3 b5 25. c4 f5 26. exf5 Qxf5 27. cxb5 Rxc1 28.
Rxc1 axb5 29. Be6 Qf3 30. Rc8 Qe2 31. Qc2 Qf1 32. Qd2 e4 33. Rc1 Qd3 34. Qxd3
exd3 35. Kg2 Bf6 36. Rd1 Bxb2 37. Rxd3 Ra8 38. Rb3 Bxa3 39. Bd5 Ra5 40. Bb6 Ra4
41. Re3 h6 42. Re8+ Kh7 43. Bg8+ Kh8 44. Bb3+ Kh7 45. Bxa4 bxa4 46. Ra8 Bb2 47.
Rxa4 Nf8 48. Bd4 Bc1 49. Ra6 Ne6 50. Be3 Bb2 51. Rxd6 Nf8 52. Bd4 Ba3 53. Ra6
Bb4 54. f4 1-0

[Event "24th ch-EUR Indiv w 2024"]
[Site "Rhodes GRE"]
[Date "2024.04.23"]
[Round "5.78"]
[White "Saraci, Ndriqona"]
[Black "Esadze, Tamari"]
[Result "0-1"]
[WhiteTitle "WCM"]
[WhiteElo "1660"]
[BlackElo "1965"]
[WhiteFideId "969095"]
[BlackFideId "13611186"]
[EventDate "2024.04.19"]

1. e4 c5 2. Nf3 d6 3. Nc3 Nf6 4. e5 dxe5 5. Nxe5 Bd7 6. Bc4 e6 7. O-O Bd6 8.
Nxd7 Qxd7 9. Bb5 Nc6 10. Re1 O-O 11. Ne4 Nxe4 12. Rxe4 f5 13. Bxc6 Qxc6 14. Rh4
Rf6 15. d3 f4 16. Qf3 Qxf3 17. gxf3 Rf5 18. Bd2 h5 19. Kh1 Kf7 20. Re1 Rh8 21.
Re4 g5 22. Rh3 e5 23. Bc3 Kg6 24. Kg1 Rd8 25. Kf1 Bc7 26. Ke2 Rd5 27. a3 Rf8 28.
Ra4 a6 29. Re4 Re8 30. Kf1 Bd8 31. Ke2 g4 32. Rxh5 Kxh5 33. fxg4+ Kxg4 34. h3+
Kf5 35. Kf3 Bf6 36. Re1 Rh8 37. Rh1 Rd7 38. Ba5 Rdh7 39. Kg2 f3+ 40. Kg3 Bg5 41.
Kxf3 Rxh3+ 42. Rxh3 Rxh3+ 43. Ke2 Rh1 44. Bb6 Rc1 45. c3 Rc2+ 46. Kf3 Be7 47. d4
cxd4 48. cxd4 e4+ 49. Kg3 Bd6+ 0-1

[Event "24th ch-EUR Indiv w 2024"]
[Site "Rhodes GRE"]
[Date "2024.04.23"]
[Round "5.79"]
[White "Dakic, Marta"]
[Black "Kalayci, Nino"]
[Result "0-1"]
[BlackTitle "WCM"]
[WhiteElo "1957"]
[BlackElo "1755"]
[WhiteFideId "990043"]
[BlackFideId "13603221"]
[EventDate "2024.04.19"]

1. e4 e6 2. d4 d5 3. e5 c5 4. c3 Nc6 5. Nf3 Nh6 6. Bxh6 gxh6 7. Be2 Qb6 8. Qd2
Bd7 9. O-O cxd4 10. cxd4 Bg7 11. Nc3 O-O 12. Bd3 f6 13. Rfe1 fxe5 14. Nxe5 Nxe5
15. dxe5 Kh8 16. Bc2 Be8 17. Na4 Bxa4 18. Bxa4 Rf7 19. Re2 Raf8 20. Rae1 Bxe5
21. Rxe5 Rxf2 22. Qe3 Qxb2 23. Qg3 Qd4 24. Qe3 Qb2 25. Qxh6 Rxg2+ 26. Kh1 Rff2
27. Rh5 Rg7 28. Qxe6 Rf1+ 0-1

[Event "24th ch-EUR Indiv w 2024"]
[Site "Rhodes GRE"]
[Date "2024.04.23"]
[Round "5.80"]
[White "Kroliczek, Gabriela"]
[Black "Revelioti, Eleni Nefeli"]
[Result "1-0"]
[WhiteElo "1957"]
[BlackElo "1652"]
[WhiteFideId "21816727"]
[BlackFideId "42168090"]
[EventDate "2024.04.19"]

1. e4 e5 2. Nf3 Nc6 3. Bc4 Nf6 4. d3 Be7 5. O-O d6 6. c3 Be6 7. Nbd2 O-O 8. Re1
Nd7 9. d4 Bg4 10. Be2 Bf6 11. h3 Bh5 12. d5 Ne7 13. g4 Bxg4 14. hxg4 Ng6 15. Nf1
Nh4 16. Ng3 Nxf3+ 17. Bxf3 Bh4 18. Kg2 Qf6 19. Rh1 Bg5 20. Bxg5 Qxg5 21. Rh5 Qg6
22. g5 f6 23. Bg4 Rad8 24. Be6+ Kh8 25. Bf5 Qe8 26. Rxh7+ Kg8 27. g6 Nc5 28. Qh5 1-0